| 000 | 00799cam a2200265 a 4500 | ||
|---|---|---|---|
| 001 | 14419292 | ||
| 005 | 20180310041532.0 | ||
| 008 | 060619s2008 maua 001 0 eng | ||
| 010 | _a 2006049439 | ||
| 020 | _a9780321437266 | ||
| 020 | _a0321437268 | ||
| 020 | _a9780321460264 (CDROM) | ||
| 020 | _a032146026X (CDROM) | ||
| 040 |
_aDLC _cDLC _dDLC |
||
| 041 | _aeng | ||
| 042 | _apcc | ||
| 080 | _a512.9 | ||
| 082 | 0 | 0 |
_a512.9 LIA _222 |
| 100 | 1 | _a36 | |
| 101 | _aMAT | ||
| 245 | 1 | 0 |
_aBeginning algebra / _cMargaret L. Lial, John Hornsby, Terry McGinnis. |
| 906 |
_a7 _bcbc _corignew _d1 _eocip _f20 _gy-gencatlg |
||
| 942 |
_2ddc _cBK |
||
| 999 |
_c44656 _d44656 |
||